A Ballad

Bibliographic Details
Format: eBook
Language:English
Published: [S.l. : publisher not identified, 1673 or 1674]
Series:Early English books online.
Online Access:Connect to the full text of this electronic book

MARC

Tag First Indicator Second Indicator Subfields
LEADER 00000nam a2200000Ia 4500
001 in00004299921
005 20200810085104.0
006 m g d
007 cr bn |||a|bb|
008 860729s1673 xx o 00| | eng d
035 |a (OCoLC)13978293 
040 |a EAF  |c EAF  |d WaOLN 
037 |a CL0037000056  |b ProQuest Information and Learning. 300 N. Zeeb Rd., Ann Arbor, MI 48106 
037 |a CL0037000084  |b ProQuest Information and Learning. 300 N. Zeeb Rd., Ann Arbor, MI 48106 
090 |a PR3291.A1  |b B34 1673 
049 |a EAFA 
245 0 2 |a A Ballad 
260 |a [S.l. :  |b publisher not identified,  |c 1673 or 1674] 
300 |a 1 online resource (1 broadside. 
336 |a text  |b txt  |2 rdacontent 
337 |a computer  |b c  |2 rdamedia 
338 |a online resource  |b cr  |2 rdacarrier 
500 |a Date of publication suggested by Wing. 
500 |a First line reads: I Sing the praise of a worthy wight. 
500 |a Reproductions of originals in Harvard University Library and British Library. 
510 4 |a Wing  |c B599 
533 |a Electronic reproduction.  |b Ann Arbor, Mich. :  |c UMI,  |d 1999-  |f (Early English books online)  |n Digital version of: (Early English books, 1641-1700 ; 1560:65 and 21241:253)  |7 s1999 miun s 
740 0 |a I Sing the praise of a worthy wight. 
830 0 |a Early English books online. 
856 4 0 |u http://proxy.library.tamu.edu/login?url=https://search.proquest.com/docview/2264207619  |z Connect to the full text of this electronic book  |t 0 
999 f f |s 99344518-676a-3e29-b654-507f8dcf1ee0  |i 349b17f3-a109-3304-85e3-b4e721453fb0  |t 0 
952 f f |a Texas A&M University  |b College Station  |c Electronic Resources  |d Available Online  |t 0  |e PR3291.A1 B34 1673  |h Library of Congress classification 
998 f f |a PR3291.A1 B34 1673  |t 0  |l Available Online